| 000 | 00321nam a2200109Ia 4500 | ||
|---|---|---|---|
| 008 | 230907s9999||||xx |||||||||||||| ||und|| | ||
| 082 |
_a150.72 _bWIL |
||
| 245 | 0 | _aQualitative Interpretation and Analysis in Psychology / | |
| 260 |
_aMcGraw-Hill, Open University Press, _bEngland : _c2012 |
||
| 300 | _a237 p. | ||
| 942 | _cBK | ||
| 999 |
_c601107 _d601107 |
||